Biological psychology / (Record no. 2551)

MARC details
000 -LEADER
fixed length control field 00965cam a2200277 i 4500
003 - CONTROL NUMBER IDENTIFIER
control field GSU
005 - DATE AND TIME OF LATEST TRANSACTION
control field 20251113104442.0
008 - FIXED-LENGTH DATA ELEMENTS--GENERAL INFORMATION
fixed length control field 220707s2023 caua b 001 0 eng
020 ## - INTERNATIONAL STANDARD BOOK NUMBER
International Standard Book Number 9781529795141 (paperback)
040 ## - CATALOGING SOURCE
Language of cataloging eng
Description conventions rda
Transcribing agency GSU
Modifying agency GSU
050 00 - LIBRARY OF CONGRESS CALL NUMBER
Classification number QP360
Item number HIG
100 1# - MAIN ENTRY--PERSONAL NAME
Personal name Higgs, Suzanne,
Relator term author.
245 10 - TITLE STATEMENT
Title Biological psychology /
Statement of responsibility, etc. Suzanne Higgs, Alison Cooper, Jonathan Lee.
250 ## - EDITION STATEMENT
Edition statement 3rd edition.
264 #1 - PRODUCTION, PUBLICATION, DISTRIBUTION, MANUFACTURE, AND COPYRIGHT NOTICE
Place of production, publication, distribution, manufacture Los Angeles :
Name of producer, publisher, distributor, manufacturer SAGE,
Date of production, publication, distribution, manufacture, or copyright notice ©2023.
300 ## - PHYSICAL DESCRIPTION
Extent xvii, 610 pages :
Other physical details colour illustrations ;
Dimensions 26 cm.
336 ## - CONTENT TYPE
Content type term text
Content type code txt
Source rdacontent
337 ## - MEDIA TYPE
Media type term unmediated
Media type code n
Source rdamedia
338 ## - CARRIER TYPE
Carrier type term volume
Carrier type code nc
Source rdacarrier
500 ## - GENERAL NOTE
General note .
504 ## - BIBLIOGRAPHY, ETC. NOTE
Bibliography, etc. note Includes bibliographical references (pages 533-599) and index.
650 #0 - SUBJECT ADDED ENTRY--TOPICAL TERM
Topical term or geographic name entry element Psychobiology.
700 1# - ADDED ENTRY--PERSONAL NAME
Personal name Cooper, Alison
Titles and other words associated with a name (Senior lecturer in neurobiology),
Relator term author.
700 1# - ADDED ENTRY--PERSONAL NAME
Personal name Lee, Jonathan
Titles and other words associated with a name (Neuroscientist),
Relator term author.
942 ## - ADDED ENTRY ELEMENTS (KOHA)
Source of classification or shelving scheme Library of Congress Classification
Koha item type Books
Edition 3rd edition
Classification part QP360
Call number prefix QP
Call number suffix HIG
Suppress in OPAC No
Holdings
Withdrawn status Lost status Source of classification or shelving scheme Damaged status Not for loan Collection code Home library Current library Shelving location Date acquired Source of acquisition Inventory number Total Checkouts Full call number Barcode Date last seen Copy number Price effective from Koha item type
    Library of Congress Classification     General Collection GSU Library Epoch GSU Library Epoch General Stacks 15/10/2025 BAI 05374   QP360 HIG 50000006632 04/11/2025 1 15/10/2025 Books